[Event "DVM U14 2017"]
[Site "Verden/Aller GER"]
[Date "2017.12.30"]
[Round "7"]
[White "Hüls, Maximilian"]
[Black "Suvorov, Alexander"]
[Result "0-1"]
[Termination "normal"]
[Board "1.1"]
[WhiteElo "1944"]
[BlackElo "2126"]
[WhiteClock "00:01:27"]
[BlackClock "00:04:23"]
[WhiteTeam "SV Mattnetz Berlin"]
[BlackTeam "SG Porz"]
[PlyCount "130"]
[WhiteFideId "12949698"]
[BlackFideId "12977063"]
[EventCountry "GER"]
[EventRounds "7"]
[EventType "team-swiss"]
[EventDate "2017.12.26"]

1. e4 {[%clk 1:30:56]} c5 {[%clk 1:30:54]} 2. c3 {[%clk 1:31:20]} Nf6 {[%clk
1:31:12]} 3. e5 {[%clk 1:31:45]} Nd5 {[%clk 1:31:37]} 4. d4 {[%clk 1:32:02]}
cxd4 {[%clk 1:31:49]} 5. Nf3 {[%clk 1:32:15]} e6 {[%clk 1:32:08]} 6. cxd4
{[%clk 1:32:39]} d6 {[%clk 1:32:24]} 7. Nc3 {[%clk 1:30:38]} Nxc3 {[%clk
1:32:34]} 8. bxc3 {[%clk 1:31:04]} Qc7 {[%clk 1:32:46]} 9. Qb3 {[%clk 1:28:32]}
Nd7 {[%clk 1:30:26]} 10. Bf4 {[%clk 1:23:38]} Be7 {[%clk 1:26:37]} 11. Bd3
{[%clk 1:21:08]} b6 {[%clk 1:24:58]} 12. Be4 {[%clk 1:18:14]} Rb8 {[%clk
1:22:47]} 13. O-O {[%clk 1:14:29]} Bb7 {[%clk 1:12:36]} 14. Bxb7 {[%clk
1:13:55]} Rxb7 {[%clk 1:12:46]} 15. Rac1 {[%clk 1:12:56]} O-O {[%clk 1:02:27]}
16. exd6 {[%clk 1:00:06]} Bxd6 {[%clk 1:02:36]} 17. Bxd6 {[%clk 1:00:30]} Qxd6
{[%clk 1:03:04]} 18. Rfd1 {[%clk 0:59:21]} Rc8 {[%clk 0:58:54]} 19. Rd2 {[%clk
0:54:21]} Rbc7 {[%clk 0:56:58]} 20. Rdc2 {[%clk 0:53:36]} e5 {[%clk 0:47:55]}
21. dxe5 {[%clk 0:52:17]} Nxe5 {[%clk 0:48:04]} 22. Nxe5 {[%clk 0:52:01]} Qxe5
{[%clk 0:48:31]} 23. h3 {[%clk 0:50:34]} h6 {[%clk 0:45:44]} 24. a4 {[%clk
0:47:41]} Rc4 {[%clk 0:40:32]} 25. Qa3 {[%clk 0:38:52]} Qc5 {[%clk 0:39:27]}
26. Qb3 {[%clk 0:37:21]} Qa5 {[%clk 0:34:50]} 27. Rd2 {[%clk 0:33:47]} Qxa4
{[%clk 0:33:38]} 28. Qb1 {[%clk 0:32:31]} Qc6 {[%clk 0:31:48]} 29. Rcd1 {[%clk
0:31:14]} Qe8 {[%clk 0:23:48]} 30. Qa2 {[%clk 0:28:11]} a5 {[%clk 0:21:54]} 31.
Qb3 {[%clk 0:27:29]} b5 {[%clk 0:21:08]} 32. Rd5 {[%clk 0:25:43]} b4 {[%clk
0:10:30]} 33. cxb4 {[%clk 0:24:44]} axb4 {[%clk 0:10:58]} 34. Rd7 {[%clk
0:16:22]} Rc1 {[%clk 0:10:26]} 35. Kh2 {[%clk 0:14:47]} Rxd1 {[%clk 0:09:57]}
36. Rxd1 {[%clk 0:14:05]} Qe5+ {[%clk 0:10:04]} 37. g3 {[%clk 0:13:55]} Qc3
{[%clk 0:08:45]} 38. Qd5 {[%clk 0:07:23]} Qc4 {[%clk 0:06:20]} 39. Qb7 {[%clk
0:06:33]} Qc2 {[%clk 0:06:17]} 40. Rd2 {[%clk 0:06:00]} Qc3 {[%clk 0:04:06]}
41. Qd5 {[%clk 0:00:53]} Rb8 {[%clk 0:00:35]} 42. Qd6 {[%clk 0:30:05]} Qc8
{[%clk 0:30:24]} 43. Rb2 {[%clk 0:26:52]} b3 {[%clk 0:30:10]} 44. Qe5 {[%clk
0:26:15]} Rb6 {[%clk 0:29:38]} 45. Qd4 {[%clk 0:25:45]} Qe6 {[%clk 0:27:58]}
46. Rb1 {[%clk 0:21:44]} Qf6 {[%clk 0:25:40]} 47. Qe3 {[%clk 0:18:43]} b2
{[%clk 0:25:31]} 48. Qe2 {[%clk 0:18:07]} g6 {[%clk 0:25:02]} 49. Qd2 {[%clk
0:17:30]} Kg7 {[%clk 0:25:04]} 50. Qc2 {[%clk 0:15:48]} Kh7 {[%clk 0:24:09]}
51. Qd2 {[%clk 0:16:04]} Qe5 {[%clk 0:22:45]} 52. Kg1 {[%clk 0:12:24]} Qb5
{[%clk 0:17:12]} 53. Kh2 {[%clk 0:12:02]} Qb3 {[%clk 0:16:39]} 54. Kg2 {[%clk
0:10:05]} Qb4 {[%clk 0:14:17]} 55. Qd5 {[%clk 0:08:56]} Qb3 {[%clk 0:13:31]}
56. Qd2 {[%clk 0:07:46]} Rb5 {[%clk 0:10:23]} 57. Kh2 {[%clk 0:07:23]} Qb4
{[%clk 0:10:01]} 58. Qe2 {[%clk 0:06:49]} Rb7 {[%clk 0:09:03]} 59. Qc2 {[%clk
0:06:53]} Qd4 {[%clk 0:08:55]} 60. Qe2 {[%clk 0:06:54]} Qc3 {[%clk 0:08:02]}
61. Qe4 {[%clk 0:06:19]} Rb6 {[%clk 0:06:25]} 62. Qd5 {[%clk 0:06:12]} Rf6
{[%clk 0:06:00]} 63. Rf1 {[%clk 0:00:58]} b1=Q {[%clk 0:03:49]} 64. Rxb1 {[%clk
0:01:19]} Rxf2+ {[%clk 0:04:12]} 65. Kh1 {[%clk 0:01:27]} Qxg3 {[%clk 0:04:23]}
0-1

[Event "DVM U14 2017"]
[Site "Verden/Aller GER"]
[Date "2017.12.30"]
[Round "7"]
[White "Suvorov, Luca"]
[Black "Bui, Bao Anh Le"]
[Result "1-0"]
[Termination "normal"]
[Board "1.2"]
[WhiteElo "2079"]
[BlackElo "1942"]
[WhiteClock "00:00:40"]
[BlackClock "00:08:30"]
[WhiteTeam "SG Porz"]
[BlackTeam "SV Mattnetz Berlin"]
[PlyCount "43"]
[WhiteFideId "12977071"]
[BlackFideId "12970719"]
[EventCountry "GER"]
[EventRounds "7"]
[EventType "team-swiss"]
[EventDate "2017.12.26"]

1. d4 {[%clk 1:30:58]} d5 {[%clk 1:30:46]} 2. c4 {[%clk 1:31:24]} e6 {[%clk
1:31:10]} 3. Nf3 {[%clk 1:31:45]} c6 {[%clk 1:31:36]} 4. e3 {[%clk 1:32:07]}
Nf6 {[%clk 1:32:01]} 5. b3 {[%clk 1:32:33]} Nbd7 {[%clk 1:32:26]} 6. Bb2 {[%clk
1:32:29]} Bd6 {[%clk 1:32:46]} 7. Bd3 {[%clk 1:32:46]} O-O {[%clk 1:32:59]} 8.
O-O {[%clk 1:33:08]} Re8 {[%clk 1:31:07]} 9. Ne5 {[%clk 1:26:06]} dxc4 {[%clk
1:20:54]} 10. bxc4 {[%clk 1:17:04]} c5 {[%clk 1:13:04]} 11. f4 {[%clk 1:05:01]}
b6 {[%clk 0:54:01]} 12. Qf3 {[%clk 0:47:38]} Ba6 {[%clk 0:51:42]} 13. Nd2
{[%clk 0:39:55]} Qc7 {[%clk 0:44:48]} 14. Qh3 {[%clk 0:21:35]} Nf8 {[%clk
0:29:46]} 15. Ndf3 {[%clk 0:13:04]} N6d7 {[%clk 0:19:11]} 16. Ng5 {[%clk
0:07:32]} f5 {[%clk 0:19:21]} 17. Nxd7 {[%clk 0:06:59]} Qxd7 {[%clk 0:19:09]}
18. d5 {[%clk 0:05:55]} g6 {[%clk 0:18:01]} 19. e4 {[%clk 0:04:25]} exd5 {[%clk
0:13:54]} 20. exd5 {[%clk 0:01:30]} Rab8 {[%clk 0:10:09]} 21. Bc2 {[%clk
0:00:34]} h5 {[%clk 0:08:30]} 22. Qc3 {[%clk 0:00:40]} 1-0

[Event "DVM U14 2017"]
[Site "Verden/Aller GER"]
[Date "2017.12.30"]
[Round "7"]
[White "Schnabel, Luise"]
[Black "Zyla, Lennert"]
[Result "0-1"]
[Termination "normal"]
[Board "1.3"]
[WhiteElo "1795"]
[BlackElo "1809"]
[WhiteClock "00:11:32"]
[BlackClock "00:18:22"]
[WhiteTeam "SV Mattnetz Berlin"]
[BlackTeam "SG Porz"]
[PlyCount "104"]
[WhiteFideId "12943347"]
[BlackFideId "12981567"]
[EventCountry "GER"]
[EventRounds "7"]
[EventType "team-swiss"]
[EventDate "2017.12.26"]

1. e4 {[%clk 1:30:56]} c5 {[%clk 1:30:47]} 2. Nf3 {[%clk 1:31:18]} e6 {[%clk
1:30:36]} 3. b3 {[%clk 1:31:12]} Nc6 {[%clk 1:30:36]} 4. Bb2 {[%clk 1:31:02]}
Nf6 {[%clk 1:30:20]} 5. e5 {[%clk 1:30:08]} Nd5 {[%clk 1:30:02]} 6. c4 {[%clk
1:29:14]} Nf4 {[%clk 1:28:36]} 7. g3 {[%clk 1:27:26]} Ng6 {[%clk 1:28:17]} 8.
Bg2 {[%clk 1:25:55]} Be7 {[%clk 1:27:01]} 9. O-O {[%clk 1:24:21]} O-O {[%clk
1:26:53]} 10. Qe2 {[%clk 1:18:38]} d6 {[%clk 1:17:17]} 11. exd6 {[%clk
1:09:22]} Qxd6 12. Nc3 {[%clk 1:02:09]} a6 {[%clk 0:57:15]} 13. h4 {[%clk
0:53:15]} Rd8 {[%clk 0:45:43]} 14. Rfd1 {[%clk 0:42:13]} Qc7 {[%clk 0:36:37]}
15. h5 {[%clk 0:29:25]} Nf8 {[%clk 0:32:20]} 16. Ne4 {[%clk 0:16:45]} f5 {[%clk
0:17:55]} 17. Nc3 {[%clk 0:15:03]} Bf6 {[%clk 0:17:12]} 18. Na4 {[%clk
0:11:40]} Nd4 {[%clk 0:15:28]} 19. Nxd4 {[%clk 0:10:31]} Bxd4 {[%clk 0:15:49]}
20. Bxd4 {[%clk 0:09:13]} Rxd4 {[%clk 0:16:09]} 21. Nc3 {[%clk 0:08:15]} Bd7
{[%clk 0:14:18]} 22. Re1 {[%clk 0:06:58]} Bc6 {[%clk 0:12:31]} 23. Rad1 {[%clk
0:06:22]} Bxg2 {[%clk 0:12:18]} 24. Kxg2 {[%clk 0:06:44]} Rad8 {[%clk 0:11:56]}
25. Kg1 {[%clk 0:05:30]} Qd6 {[%clk 0:10:54]} 26. Nb1 {[%clk 0:03:48]} b6
{[%clk 0:08:18]} 27. Qe5 {[%clk 0:03:16]} Qxe5 {[%clk 0:08:25]} 28. Rxe5 {[%clk
0:03:40]} Kf7 {[%clk 0:08:40]} 29. Rde1 {[%clk 0:03:33]} R8d6 {[%clk 0:08:40]}
30. Kf1 {[%clk 0:02:41]} Nd7 {[%clk 0:08:52]} 31. R5e2 {[%clk 0:02:29]} h6
{[%clk 0:08:45]} 32. f4 {[%clk 0:02:15]} Nf6 {[%clk 0:08:56]} 33. Nc3 {[%clk
0:01:35]} Nxh5 {[%clk 0:08:48]} 34. Kf2 {[%clk 0:01:33]} Rxd2 {[%clk 0:05:07]}
35. Na4 {[%clk 0:01:23]} Rxe2+ {[%clk 0:05:21]} 36. Rxe2 {[%clk 0:01:46]} Nf6
{[%clk 0:05:29]} 37. Kf3 {[%clk 0:01:09]} Ng4 {[%clk 0:03:42]} 38. Kg2 {[%clk
0:01:03]} Kf6 {[%clk 0:03:22]} 39. a3 {[%clk 0:01:02]} e5 {[%clk 0:01:34]} 40.
fxe5+ {[%clk 0:00:37]} Nxe5 {[%clk 0:01:58]} 41. Nc3 {[%clk 0:29:50]} Nd7
{[%clk 0:25:31]} 42. Nd5+ {[%clk 0:26:52]} Kg5 {[%clk 0:24:54]} 43. Re7 {[%clk
0:25:37]} g6 {[%clk 0:24:12]} 44. Kh3 {[%clk 0:22:52]} Nf6 {[%clk 0:22:45]} 45.
Nc7 {[%clk 0:16:56]} Ng4 {[%clk 0:19:24]} 46. Rf7 {[%clk 0:14:51]} h5 {[%clk
0:17:50]} 47. Kg2 {[%clk 0:13:15]} Rd2+ {[%clk 0:16:52]} 48. Kf1 {[%clk
0:12:21]} Nh2+ {[%clk 0:17:13]} 49. Ke1 {[%clk 0:11:36]} Nf3+ {[%clk 0:17:38]}
50. Kf1 {[%clk 0:11:58]} Kg4 {[%clk 0:17:39]} 51. Rg7 {[%clk 0:11:36]} g5
{[%clk 0:18:00]} 52. Ne6 {[%clk 0:11:32]} Kxg3 {[%clk 0:18:22]} 0-1

[Event "DVM U14 2017"]
[Site "Verden/Aller GER"]
[Date "2017.12.30"]
[Round "7"]
[White "Gallasch, Robin"]
[Black "Stockter, Jasper Enno"]
[Result "0-1"]
[Termination "normal"]
[Board "1.4"]
[WhiteElo "1682"]
[BlackElo "1767"]
[WhiteClock "00:01:12"]
[BlackClock "00:02:11"]
[WhiteTeam "SG Porz"]
[BlackTeam "SV Mattnetz Berlin"]
[PlyCount "60"]
[WhiteFideId "16222423"]
[BlackFideId "12957291"]
[EventCountry "GER"]
[EventRounds "7"]
[EventType "team-swiss"]
[EventDate "2017.12.26"]

1. d4 {[%clk 1:30:59]} Nf6 {[%clk 1:30:51]} 2. c4 {[%clk 1:31:26]} g6 {[%clk
1:31:16]} 3. Nc3 {[%clk 1:31:52]} Bg7 {[%clk 1:31:37]} 4. e4 {[%clk 1:32:19]}
d6 {[%clk 1:31:49]} 5. Nf3 {[%clk 1:32:44]} O-O {[%clk 1:31:37]} 6. h3 {[%clk
1:33:10]} e5 {[%clk 1:24:20]} 7. dxe5 {[%clk 1:33:28]} dxe5 {[%clk 1:24:44]} 8.
Be3 {[%clk 1:33:54]} Nbd7 {[%clk 1:24:56]} 9. c5 {[%clk 1:32:48]} Qe7 {[%clk
1:21:36]} 10. b4 {[%clk 1:29:08]} a5 {[%clk 1:19:08]} 11. Qa4 {[%clk 1:14:47]}
c6 {[%clk 1:00:35]} 12. Rb1 {[%clk 0:51:00]} axb4 {[%clk 0:50:30]} 13. Qxb4
{[%clk 0:46:26]} Rd8 {[%clk 0:46:46]} 14. Bc4 {[%clk 0:45:07]} Nh5 {[%clk
0:43:48]} 15. g3 {[%clk 0:22:27]} h6 {[%clk 0:32:00]} 16. Na4 {[%clk 0:14:36]}
Nf8 {[%clk 0:22:39]} 17. Nb6 {[%clk 0:12:19]} Rb8 {[%clk 0:22:49]} 18. Nxc8
{[%clk 0:12:23]} Rdxc8 {[%clk 0:22:25]} 19. O-O {[%clk 0:11:03]} Rd8 {[%clk
0:19:43]} 20. Rfd1 {[%clk 0:09:29]} Ne6 {[%clk 0:14:47]} 21. Rd6 {[%clk
0:07:34]} Nd4 {[%clk 0:10:10]} 22. Bxd4 {[%clk 0:07:03]} exd4 {[%clk 0:10:18]}
23. e5 {[%clk 0:06:17]} Bxe5 {[%clk 0:07:45]} 24. Nxe5 {[%clk 0:02:31]} Qxe5
{[%clk 0:06:09]} 25. Rxg6+ {[%clk 0:01:13]} Kh7 {[%clk 0:03:57]} 26. Bxf7
{[%clk 0:01:18]} Rf8 {[%clk 0:02:31]} 27. Qd2 {[%clk 0:01:07]} Nf4 {[%clk
0:01:22]} 28. Qxf4 {[%clk 0:00:55]} Qxf4 {[%clk 0:01:44]} 29. gxf4 {[%clk
0:01:20]} Rxf7 {[%clk 0:01:50]} 30. Rxc6 {[%clk 0:01:12]} Rg8+ {[%clk 0:02:11]}
0-1

[Event "DVM U14 2017"]
[Site "Verden/Aller GER"]
[Date "2017.12.30"]
[Round "7"]
[White "Post, Hugo"]
[Black "Krastev, Alexander"]
[Result "0-1"]
[Termination "normal"]
[Board "2.1"]
[WhiteElo "2025"]
[BlackElo "2004"]
[WhiteClock "00:08:54"]
[BlackClock "00:12:04"]
[WhiteTeam "Reideburger SV 90 Halle"]
[BlackTeam "Biebertaler SF"]
[PlyCount "50"]
[WhiteFideId "12962490"]
[BlackFideId "12989983"]
[EventCountry "GER"]
[EventRounds "7"]
[EventType "team-swiss"]
[EventDate "2017.12.26"]

1. e4 {[%clk 1:30:35]} e5 {[%clk 1:30:52]} 2. Nf3 {[%clk 1:30:35]} Nc6 {[%clk
1:31:17]} 3. Bb5 {[%clk 1:30:07]} a6 {[%clk 1:31:33]} 4. Ba4 {[%clk 1:30:12]}
Nf6 {[%clk 1:31:58]} 5. d4 {[%clk 1:29:51]} exd4 {[%clk 1:17:26]} 6. O-O {[%clk
1:29:13]} Be7 {[%clk 0:54:32]} 7. Re1 {[%clk 1:26:38]} b5 {[%clk 0:52:50]} 8.
Bb3 {[%clk 1:26:44]} d6 {[%clk 0:52:15]} 9. Ng5 {[%clk 0:50:35]} O-O {[%clk
0:50:07]} 10. f4 {[%clk 0:49:31]} Na5 {[%clk 0:39:31]} 11. e5 {[%clk 0:36:20]}
dxe5 {[%clk 0:39:19]} 12. Nxf7 {[%clk 0:29:59]} Rxf7 {[%clk 0:38:54]} 13. Bxf7+
{[%clk 0:30:23]} Kxf7 {[%clk 0:39:01]} 14. fxe5 {[%clk 0:30:51]} Nd5 {[%clk
0:36:26]} 15. Nd2 {[%clk 0:25:51]} Be6 {[%clk 0:32:05]} 16. Ne4 {[%clk
0:25:31]} c5 {[%clk 0:29:39]} 17. Qh5+ {[%clk 0:21:11]} Kg8 {[%clk 0:30:04]}
18. Bg5 {[%clk 0:20:54]} Qc7 {[%clk 0:25:08]} 19. Bxe7 {[%clk 0:15:55]} Qxe7
{[%clk 0:25:26]} 20. Ng5 {[%clk 0:14:44]} h6 {[%clk 0:24:51]} 21. Ne4 {[%clk
0:13:33]} Nc4 {[%clk 0:19:13]} 22. Rf1 {[%clk 0:10:27]} Nce3 {[%clk 0:15:00]}
23. Rf2 {[%clk 0:09:20]} Rf8 {[%clk 0:14:20]} 24. Rxf8+ Qxf8 {[%clk 0:14:05]}
25. Qg6 {[%clk 0:08:54]} Bf5 {[%clk 0:12:04]} 0-1

[Event "DVM U14 2017"]
[Site "Verden/Aller GER"]
[Date "2017.12.30"]
[Round "7"]
[White "Engert, Kiyan"]
[Black "Dietz, Florian"]
[Result "0-1"]
[Termination "normal"]
[Board "2.2"]
[WhiteElo "1560"]
[BlackElo "1997"]
[WhiteClock "00:33:15"]
[BlackClock "00:28:53"]
[WhiteTeam "Biebertaler SF"]
[BlackTeam "Reideburger SV 90 Halle"]
[PlyCount "82"]
[WhiteFideId "16214870"]
[BlackFideId "12939897"]
[EventCountry "GER"]
[EventRounds "7"]
[EventType "team-swiss"]
[EventDate "2017.12.26"]

1. d4 {[%clk 1:30:58]} Nf6 {[%clk 1:30:55]} 2. Nf3 {[%clk 1:31:00]} e6 {[%clk
1:30:47]} 3. Bf4 {[%clk 1:28:54]} c5 {[%clk 1:29:16]} 4. e3 {[%clk 1:28:25]}
cxd4 {[%clk 1:28:51]} 5. exd4 {[%clk 1:28:28]} b6 {[%clk 1:28:58]} 6. Be2
{[%clk 1:27:09]} Bb7 7. O-O {[%clk 1:26:42]} Be7 {[%clk 1:27:40]} 8. c3 {[%clk
1:26:23]} d6 {[%clk 1:27:21]} 9. h3 {[%clk 1:26:00]} Nbd7 {[%clk 1:27:07]} 10.
Nbd2 {[%clk 1:26:01]} O-O {[%clk 1:27:03]} 11. Nc4 {[%clk 1:25:52]} Qc7 {[%clk
1:26:46]} 12. Bh2 {[%clk 1:24:55]} a6 {[%clk 1:22:50]} 13. a4 {[%clk 1:23:14]}
Rfd8 {[%clk 1:10:56]} 14. Qc1 {[%clk 1:17:00]} Bd5 {[%clk 1:08:51]} 15. Ne3
{[%clk 1:16:41]} Bc6 {[%clk 1:08:53]} 16. Rd1 {[%clk 1:14:08]} Qb7 {[%clk
1:07:19]} 17. Nd2 {[%clk 1:12:16]} Ne4 {[%clk 0:52:56]} 18. Nxe4 {[%clk
1:08:22]} Bxe4 {[%clk 0:53:20]} 19. Bd3 {[%clk 1:07:50]} Bc6 {[%clk 0:52:50]}
20. Qc2 {[%clk 1:07:48]} Nf6 {[%clk 0:51:10]} 21. f3 {[%clk 1:05:32]} h6 {[%clk
0:50:00]} 22. Ng4 {[%clk 1:04:23]} Nd5 {[%clk 0:45:51]} 23. Re1 {[%clk
1:03:50]} Bg5 {[%clk 0:40:59]} 24. Be4 {[%clk 0:56:26]} Rac8 {[%clk 0:27:00]}
25. Bxd5 {[%clk 0:54:36]} Bxd5 {[%clk 0:27:23]} 26. f4 {[%clk 0:54:29]} Bh4
{[%clk 0:25:24]} 27. Re2 {[%clk 0:53:14]} h5 {[%clk 0:23:56]} 28. Nf2 {[%clk
0:52:40]} Bxg2 {[%clk 0:22:38]} 29. f5 {[%clk 0:52:16]} Bxf2+ {[%clk 0:22:00]}
30. Rxf2 {[%clk 0:52:35]} Bxh3 {[%clk 0:22:21]} 31. f6 {[%clk 0:50:12]} Bf5
{[%clk 0:14:32]} 32. Qd2 {[%clk 0:49:01]} Bg6 {[%clk 0:13:20]} 33. Raf1 {[%clk
0:45:11]} Qd5 {[%clk 0:08:58]} 34. fxg7 {[%clk 0:41:10]} Kxg7 {[%clk 0:09:21]}
35. Rf6 {[%clk 0:41:06]} Rg8 {[%clk 0:08:19]} 36. b3 {[%clk 0:39:05]} Kf8
{[%clk 0:05:57]} 37. Bg3 {[%clk 0:37:55]} Bf5 {[%clk 0:04:53]} 38. Kh2 {[%clk
0:37:22]} Ke7 {[%clk 0:03:49]} 39. Bh4 {[%clk 0:36:06]} Rg4 {[%clk 0:03:01]}
40. Qf2 {[%clk 0:34:15]} Ke8 {[%clk 0:01:00]} 41. Re1 {[%clk 0:33:15]} Rxc3
{[%clk 0:28:53]} 0-1

[Event "DVM U14 2017"]
[Site "Verden/Aller GER"]
[Date "2017.12.30"]
[Round "7"]
[White "Hundrieser, Malte"]
[Black "Peschel, Julia"]
[Result "1-0"]
[Termination "normal"]
[Board "2.3"]
[WhiteElo "2005"]
[BlackElo "1514"]
[WhiteClock "00:30:22"]
[BlackClock "00:02:57"]
[WhiteTeam "Reideburger SV 90 Halle"]
[BlackTeam "Biebertaler SF"]
[PlyCount "74"]
[WhiteFideId "12997153"]
[BlackFideId "16255593"]
[EventCountry "GER"]
[EventRounds "7"]
[EventType "team-swiss"]
[EventDate "2017.12.26"]

1. e4 {[%clk 1:30:58]} e5 {[%clk 1:30:51]} 2. Nf3 {[%clk 1:31:24]} Nc6 {[%clk
1:31:11]} 3. d4 {[%clk 1:31:50]} exd4 {[%clk 1:31:24]} 4. Nxd4 {[%clk 1:32:16]}
Nf6 {[%clk 1:31:38]} 5. Nxc6 {[%clk 1:32:19]} bxc6 {[%clk 1:31:51]} 6. Qe2
{[%clk 1:31:43]} Be7 {[%clk 1:31:28]} 7. e5 {[%clk 1:31:46]} Nd5 {[%clk
1:31:35]} 8. c4 {[%clk 1:32:10]} Bb4+ {[%clk 1:27:42]} 9. Nd2 {[%clk 1:30:57]}
Nf4 {[%clk 1:26:37]} 10. Qe3 {[%clk 1:29:55]} Ng6 {[%clk 1:26:38]} 11. Bd3
{[%clk 1:29:21]} O-O {[%clk 1:24:22]} 12. O-O {[%clk 1:29:04]} Ba6 {[%clk
1:20:40]} 13. Nf3 {[%clk 1:27:17]} Qe7 {[%clk 1:13:42]} 14. a3 {[%clk 1:21:49]}
Bc5 {[%clk 1:13:24]} 15. Qe2 {[%clk 1:22:07]} Qd8 {[%clk 1:07:29]} 16. b4
{[%clk 1:21:52]} Be7 {[%clk 1:07:43]} 17. Bb2 {[%clk 1:14:17]} Nf4 {[%clk
1:03:13]} 18. Qe4 {[%clk 1:14:30]} Nxd3 {[%clk 1:02:56]} 19. Qxd3 {[%clk
1:14:56]} d5 {[%clk 0:58:20]} 20. exd6 {[%clk 1:12:29]} cxd6 {[%clk 0:57:24]}
21. Nd4 {[%clk 1:08:00]} Qd7 {[%clk 0:40:02]} 22. Nf5 {[%clk 1:05:24]} f6
{[%clk 0:39:34]} 23. Rad1 {[%clk 1:03:20]} Rad8 {[%clk 0:33:09]} 24. Ne3 {[%clk
0:49:44]} Qb7 {[%clk 0:24:46]} 25. Qc3 {[%clk 0:45:57]} d5 {[%clk 0:23:10]} 26.
Rfe1 {[%clk 0:45:51]} dxc4 {[%clk 0:21:09]} 27. Nxc4 {[%clk 0:45:53]} Rxd1
{[%clk 0:17:52]} 28. Rxd1 {[%clk 0:46:17]} Qc7 {[%clk 0:18:10]} 29. Ne3 {[%clk
0:40:42]} Bd6 {[%clk 0:16:45]} 30. g3 {[%clk 0:36:24]} Be5 {[%clk 0:14:53]} 31.
Qb3+ {[%clk 0:35:57]} Kh8 {[%clk 0:15:11]} 32. Bxe5 {[%clk 0:35:28]} Qxe5
{[%clk 0:12:06]} 33. Rd7 {[%clk 0:32:58]} Qb8 {[%clk 0:10:16]} 34. Qd1 {[%clk
0:30:28]} Bc8 {[%clk 0:08:23]} 35. Rd8 {[%clk 0:30:22]} Rxd8 {[%clk 0:02:57]}
36. Qxd8# Bd7 37. Qxd7 Qc8 1-0

[Event "DVM U14 2017"]
[Site "Verden/Aller GER"]
[Date "2017.12.30"]
[Round "7"]
[White "Sulayev, Daniel"]
[Black "Kotyk, Michael"]
[Result "1/2-1/2"]
[Termination "normal"]
[Board "3.1"]
[WhiteElo "2058"]
[BlackElo "1916"]
[WhiteTeam "SV Empor Berlin"]
[BlackTeam "Hamburger SK"]
[PlyCount "40"]
[WhiteFideId "12977675"]
[BlackFideId "16214501"]
[EventCountry "GER"]
[EventRounds "7"]
[EventType "team-swiss"]
[EventDate "2017.12.26"]

1. e4 e5 2. Nf3 Nc6 3. Bb5 a6 4. Ba4 Nf6 5. O-O Be7 6. Qe2 b5 7. Bb3 O-O 8. d4
Nxd4 9. Nxd4 exd4 10. e5 Ne8 11. c3 c5 12. cxd4 cxd4 13. Qe4 Qb6 14. Bxf7+ Kxf7
15. Qd5+ Kg6 16. Qe4+ Kf7 17. Qd5+ Kg6 18. Qe4+ Kf7 19. Qd5+ Kg6 20. Qe4+ Kf7
1/2-1/2

[Event "DVM U14 2017"]
[Site "Verden/Aller GER"]
[Date "2017.12.30"]
[Round "7"]
[White "Goltser, Ilja"]
[Black "Breitzmann, Sander"]
[Result "1-0"]
[Termination "normal"]
[Board "3.2"]
[WhiteElo "1698"]
[BlackElo "1778"]
[WhiteTeam "Hamburger SK"]
[BlackTeam "SV Empor Berlin"]
[PlyCount "75"]
[WhiteFideId "14174782"]
[BlackFideId "12987085"]
[EventCountry "GER"]
[EventRounds "7"]
[EventType "team-swiss"]
[EventDate "2017.12.26"]

1. e4 e5 2. Nf3 Nc6 3. Bc4 Bc5 4. c3 Nf6 5. d4 exd4 6. e5 d5 7. Be2 Ne4 8. cxd4
Bb6 9. O-O O-O 10. Nc3 Bg4 11. Be3 Nxc3 12. bxc3 f6 13. h3 Bh5 14. exf6 Qxf6
15. Qd2 h6 16. g4 Bg6 17. Nh2 Qe6 18. Rae1 Rae8 19. Bb5 Qd6 20. f4 Be4 21. Nf3
Bxf3 22. Rxf3 a6 23. Ba4 Ba5 24. f5 b5 25. Bf4 Qd7 26. Bb3 b4 27. Rxe8 Rxe8 28.
Bxh6 bxc3 29. Qg5 Re1+ 30. Kf2 c2 31. Bxd5+ Kh8 32. f6 Rf1+ 33. Kxf1 c1=Q+ 34.
Qxc1 Qxd5 35. fxg7+ Kh7 36. Qc2+ Kxh6 37. Rf6+ Kg5 38. Rf5+ {Aufgabe Schwarz}
1-0

[Event "DVM U14 2017"]
[Site "Verden/Aller GER"]
[Date "2017.12.30"]
[Round "7"]
[White "Pysarenko, Kyrill"]
[Black "Grabbel, Lennart Christian"]
[Result "1/2-1/2"]
[Termination "normal"]
[Board "3.3"]
[WhiteElo "1751"]
[BlackElo "1674"]
[WhiteTeam "SV Empor Berlin"]
[BlackTeam "Hamburger SK"]
[PlyCount "77"]
[WhiteFideId "12974250"]
[BlackFideId "16201620"]
[EventCountry "GER"]
[EventRounds "7"]
[EventType "team-swiss"]
[EventDate "2017.12.26"]

1. e4 c5 2. Nf3 e6 3. c4 Nc6 4. Nc3 e5 5. Be2 d6 6. d3 f5 7. O-O Nf6 8. a3 Be7
9. Rb1 a5 10. Ne1 f4 11. Bd2 O-O 12. Nb5 g5 13. h3 Kh8 14. Nf3 Rg8 15. Nh2 Nd4
16. Nxd4 cxd4 17. b4 axb4 18. Bxb4 Qe8 19. Ng4 Nxg4 20. Bxg4 Bxg4 21. Qxg4 h5
22. Qe6 Rg6 23. Qd5 g4 24. h4 g3 25. f3 Bf8 26. Rfc1 Qe7 27. Kf1 Qxh4 28. Ke2
Qh2 29. Rg1 Rg7 30. Bxd6 Bxd6 31. Qxd6 Re8 32. Kf1 h4 33. Rb6 h3 34. Qh6+ Rh7
35. Qf6+ Rg7 36. Qh6+ Rh7 37. Qf6+ Rg7 38. Qh6+ Rh7 39. Qf6+ 1/2-1/2

[Event "DVM U14 2017"]
[Site "Verden/Aller GER"]
[Date "2017.12.30"]
[Round "7"]
[White "Müller, Marvin"]
[Black "Beer, Ludwig"]
[Result "0-1"]
[Termination "normal"]
[Board "3.4"]
[WhiteElo "1577"]
[BlackElo "1431"]
[WhiteTeam "Hamburger SK"]
[BlackTeam "SV Empor Berlin"]
[PlyCount "100"]
[WhiteFideId "16214528"]
[BlackFideId "16202813"]
[EventCountry "GER"]
[EventRounds "7"]
[EventType "team-swiss"]
[EventDate "2017.12.26"]

1. e4 c5 2. Nf3 d6 3. d4 cxd4 4. Nxd4 Nf6 5. Nc3 g6 6. Be3 Bg7 7. f3 O-O 8. Qd2
Nc6 9. O-O-O Bd7 10. g4 Ne5 11. h4 h5 12. Be2 Rc8 13. Rdg1 Nc4 14. Bxc4 Rxc4
15. Bh6 Rxd4 16. Qxd4 Bxh6+ 17. g5 Bg7 18. gxf6 Bxf6 19. Qd2 Kh7 20. Nd5 Bg7
21. Kb1 e6 22. Nf4 Qb6 23. c3 Bh6 24. e5 Rd8 25. Qh2 dxe5 26. Nh3 Ba4 27. Ng5+
Bxg5 28. Rxg5 Qe3 29. b3 Bc6 30. Qxe5 Qxf3 31. Re1 Rd5 32. Qg3 Rxg5 33. Qxf3
Bxf3 34. hxg5 Bg4 35. Rf1 Bf5+ 36. Kc1 Kg7 37. Rd1 e5 38. Rd5 f6 39. Kd2 h4 40.
gxf6+ Kxf6 41. Ke3 g5 42. Rd1 g4 43. Rg1 Kg5 44. Kf2 g3+ 45. Kg2 Kg4 46. Re1 e4
47. Rf1 h3+ 48. Kg1 e3 49. Re1 h2+ 50. Kf1 h1=Q+ {Aufgabe Weiß} 0-1